[Event "Turnier 40 / 120"]
[Site "Wien"]
[Date "2023.08.01"]
[Round "32"]
[White "Mephisto Lyon 68020 - 12 MHZ"]
[Black "Mephisto Atlanta SH 7034 - 20 MHZ"]
[Result "1-0"]
[BlackElo "2191"]
[WhiteElo "2172"]

{Analye ----> Stockfish 16} 1. d4 Nf6 2. c4 e6 3. Nf3 b6 4. e3 {Buchende}
d5 5. Nc3 {Buchbewertung Mephisto Lyon 68020: +0,60} Bb7 6. Bd3 Nbd7
{Buchende} 7. cxd5 exd5 {Buchbewertung Mephisto Atlanta: -0,1 lt. Stockfish
steht Weiss knapp besser mit ca. +0,30} 8. O-O Be7 9. Qc2 O-O 10. Bd2 Re8
11. Rfc1 c5 12. Ng5 Nf8 13. Bb5 N6d7 14. Nf3 a6 15. Bxd7 {sich vom
Läuferpaar zu trennen ist weniger gut, besser ist Lf1, Stockfish -0,50}
Nxd7 16. dxc5 {ein schwacher Zug, deutlich besser ist a4, Stockfish -1,00}
bxc5 17. Qb3 Nb6 18. Na4 Nxa4 19. Qxb7 Rb8? {ein schlechter Zug, der den
gesamten Vorteil verschenkt, nötig war der auch von Lyon 68020
vorgeschlagene Zug c4 mit ca. +1,00, nach dem Textzug ist die Stellung im
Lot} 20. Qxa6 Nxb2 21. Bc3 Nc4 22. Rd1 Bd6 23. Qc6 Nb6 24. Rab1 Re6 25. Qb5
Nc4 26. Qa4 Ra8 27. Qb3 Bc7 28. Ba1 Rb6 29. Qc3 Qf8 30. Rbc1 Rd6 31. Qc2
Qe7 32. Nd2 Nxd2 33. Rxd2 Ba5 34. Bc3 Bxc3 35. Qxc3 Rc8 36. Qb3 d4 37. Rxd4
Rxd4 38. exd4 Re8 39. Qc4 cxd4 40. g3 Rd8 41. Rd1 Qe5 42. a4 g6 43. Kg2 Kf8
44. Rd3 f6 45. Rb3 Rd7 46. Qc8+ Ke7??? {ein absoluter Verlustzug, danach
ist die Partie sofort verloren, Stockfish -4,50, nötig war De8 und alles
ist im Lot} 47. Qh8? {weit schwächer als Tb8, aber völlig ausreichend, auch
das gewinnt, Stockfish +2,50 (stellt aber 2 Bauerneinheiten ein)} Qd5+ 48.
Rf3 {an dieser Stelle sogar bei Stockfish 16 eine Kuriosität, er schlägt
hier Dc6 mit einer Bewertung von -2,80 aus der Sicht von Schwarz vor, führt
man den folgenden Zug aus, ist es sofort 0,00 ??, völlig unverständlich}
Qf7! {Atlanta macht es besser als Stockfish 16 !} 49. Rf4 Ke6? {verliert
die Partie, nötig war Dd5+ mit Ausgleich, Stockfish -3,50} 50. Qc8 Ke5 51.
Qb8+ Rc7 52. Kg1? {weit schwächer als Tf3, dennoch bleibt Weiss klar im
Vorteil, Stockfish +1,80} f5?? {ein ganz schlechter Zug, deutlich mehr
Widerstand leistet Dd7, nach dem Textzug ist bereits alles vorbei,
Stockfish -3,50, natürlich sind die Kommentare immer aus Sicht von
Stockfish 16 zu sehen, für Lyon 68020 ist hier erst kleiner Vorteil zu
sehen, aber trotzdem, das sollte nur noch Formsache sein.} 53. a5 {richtig,
Stockfish +4,00, Lyon 68020: +0,45 sieht aber wie gesagt erst geringen
Vorteil, dennoch hier sollte alles erledigt sein, aber bei unseren Oldies
muss man natürlich noch abwarten} Qe7 54. a6 Kd5 55. Qh8 Qg7 56. Qd8+ {weit
schwächer als Db8, das war aber für Lyon 68020 nicht spielbar, da
Stellungswiederholung, Stockfish 16 hätte es natürlich als Fehlerkorrektur
gesehen, aber auch diese Fortsetzung gewinnt klar, Stockfish +3,00} Qd7 57.
Qg8+ Kc5 58. Qa2?? {hier sieht man warum ich sagte, bei unseren Odies muss
man noch abwarten, ein ganz schlechter Zug, danach ist praktisch der
gesamte Vorteil dahin, Stockfish +0,20, gewonnen hätte Tf3 (Atlanta hatte
den richtigen Zug vorgeschlagen)} Kb6 59. Qb2+ Kxa6! {richtig, Stockfish
0,00 / hier wollte Lyon 68020 seinen Gegner auf das Glatteis führen mit dem
Zugvorschlag Kc5 ??, danach wäre die Partie sofort verloren gewesen mit
-5,00} 60. Rxd4 Rc1+ 61. Qxc1 Qxd4 62. Qc6+ Qb6 63. Qd5 Qb1+ 64. Kg2 Qb7???
{ein HORRORZUG, danach ist alles sofort aus, Stockfish Matt in 27, diesen
Zug hätte Schwarz zuvor machen sollen, dann wäre es Remis gewesen, hier
hätte De1 das Remis gehalten !!} 65. Qxb7+ Kxb7 66. Kf3 Kc6 67. Kf4 Kd5 68.
Kg5 Ke6 69. Kh6 g5 70. Kxg5 {Rest geschenkt} 1-0
[/pgn]
[pgn]

[Event "Turnier 40 / 120"]
[Site "Wien"]
[Date "2023.08.02"]
[Round "33"]
[White "Mephisto Atlanta SH 7034 - 20 MHZ"]
[Black "Mephisto Lyon 68020 - 12 MHZ"]
[Result "1-0"]
[BlackElo "2172"]
[WhiteElo "2191"]

{Analyse ---> Stockfish 16} 1. d4 d5 2. Nf3 Nf6 3. c4 c6 4. cxd5 cxd5 5.
Nc3 Nc6 6. Bf4 {Buchende} a6 7. Rc1 {Buchbewertung Mephisto Atlanta: +0,1}
Bf5 {Buchende} 8. Nh4 Bg4 {Buchbewertung Mephisto Lyon 68020: -0,06 / lt.
Stockfish steht Weiss eine Nuance besser mit ca. +0,30} 9. h3 Bh5 10. g4
Bg6 11. Bg2 e6 12. Nxg6 hxg6 13. e3 Bd6 14. Bxd6 Qxd6 15. Na4 Qb4+ 16. Rc3
Nd7 17. a3 Qe7 18. Nc5 Nxc5 19. Rxc5 Rd8 20. Qb3 Rd7 21. Rg1?
{unverständlich, weit besser ist 0-0 mit Ausgleich, nach dem Textzug steht
Schwarz besser, Stockfish -0,80} Qd8? {auch nicht das Gelbe vom Ei, auch
hier ist 0-0 klar vorzuziehen, nach dem Textzug ist Schwarz nur noch eine
Nuance im Vorteil mit ca. +0,20} 22. Qa4? {schwach, deutlich besser ist
Lf1, Stockfish -0,80} O-O 23. Rh1? {ein sinnloser Zug, danach ist die
Partie praktisch schon verloren, Stockfish -1,60, deutlich besser ist Dd1
mit ca. -0,80} Qh4? {ein schlechter Zug, der den Vorteil von Schwarz
halbiert, Stockfish +0,80, deutlich besser ist f5} 24. Ke2??? {ein
absoluter Verlustzug, danach ist die Partie bereits klar verloren,
Stockfish -2,80, nötig war Dd1} Ra8?? {ein ganz schlechter Zug, was soll
das bringen, den Turm hier in die Ecke zu ziehen ?, verspielt nahezu den
gesamten Vorteil, Stockfish +0,50, gewonnen hätte f5} 25. Rhc1? {die
Stellung ist sehr schwierig für beide Geräte, die hier nicht die idealen
Züge finden können, klar schwächer als Dc2, Stockfish -1,30} Kh7? {das
bringt gar nichts für Schwarz, besser war der Plan Tf8, wieder um f5
vorzubereiten, nach dem Textzug ist praktisch der gesamte Vorteil dahin}
26. Kf1 Kg8 27. Kg1 Kh7 28. b3? {ein sinnloser Zug, warum nicht gleich b4
?, Stockfish -1,00} Rdd8? {das Spiel beider Geräte wirkt planlos, hier wäre
wieder Tf8 mit Blick auf f5 richtig gewesen, nach dem Textzug ist wieder
alles im Lot, Stockfish 0,00} 29. b4 Kg8 30. Qd1 Rd7 31. Qd2 Na7 32. a4 Nc6
33. R5c2 Kf8 34. b5 axb5 35. axb5 Ne7? {besser ist Sa5, Stockfish -0,50}
36. Ra2 {nicht optimal besser ist Lf1 oder Tc7, die Stellung ist wieder im
Lot, Stockfish 0,00} Rc8 37. Ra7 Kg8 38. Rc5 Rxc5??? {ein Verlustzug,
danach ist die Partie sofort verloren, Stockfish -4,00, nötig war f5 mit
Ausgleich, natürlich ist dieser Kommentar wieder aus der Sicht von
Stockfish, für die beiden Geräte ist das noch lange nicht erledigt, die
sehen hier nur sehr geringen Vorteil für Weiss.} 39. dxc5 Nc8 {Mephisto
Lyon 68020: -0,36} 40. Ra8 {der richtige Zug, aber auch Atlanta sieht kaum
Vorteil, Bewertung +0,3 / Stockfish +4,00} Qd8 41. Qd4 Rc7 42. e4?? {ein
ganz schlechter Zug, der den Vorteil von Weiss deutlich reduziert,
Stockfish +2,40, nötig war Tb8 mit ca. +4,00} b6??? {Lyon 68020 verwirft im
allerletzten Moment die noch beste Verteidigung e5, nach dem Textzug ist
alles aus, Stockfish -6,00} 43. cxb6 Rc1+ 44. Bf1 Qd7 45. Qb2 {schwächer
als De3, aber auch der Textzug reich völlig zum Gewinn, Stockfish +6,00}
Rxf1+ 46. Kxf1 Kh7 47. Ra6??? {ein grottenschlechter Zug, der den Vorteil
von Weiss fast halbiert, Stockfish +3,50, sofort gewonnen hätte Tb8 mit
+6,00} dxe4 48. Ke1? {neuerlich ganz schlecht, nun muss Weiss bereits
aufpassen, das nicht noch zu vergurken, Stockfish nur noch +2,50, nötig war
De2} Qd5 49. Qb4??? {und Atlanta baut weiter ab, Stockfish nur noch +1,90,
nötig war De2} e3 50. fxe3 Qh1+ 51. Kd2 Qxh3? {ein ganz schlechter Zug,
aber gut hier will ich nicht zu hart sein mit der Kritik, ein sehr
schwieriges Endspiel mit den Damen auf dem offenen Brett gibt es eben
unzählige Möglichkeiten, aus Sicht eines Oldies nimmt er halt einen Bauern,
dennoch verliert forciert, Stockfish -5,00, deutlich mehr Widerstand
leistet Dg2+} 52. Qc5 Qh2+ 53. Kc3 Nd6 54. Qc6 Qe5+ 55. Kd3 f5 56. b7 Qe4+
{besser ist noch Se4, rettet aber auch nichts mehr, Stockfish Matt in 17}
57. Qxe4 fxe4+ 58. Kd4 {Rest geschenkt} 1-0
[/pgn]
[pgn]

[Event "Turnier 40 / 120"]
[Site "Wien"]
[Date "2023.08.03"]
[Round "34"]
[White "Mephisto Lyon 68020 - 12 MHZ"]
[Black "Mephisto Atlanta SH 7034 - 20 MHZ"]
[Result "0-1"]
[BlackElo "2191"]
[WhiteElo "2172"]

{Analyse ----> Stockfish 16} 1. Nf3 c6 2. e4 d5 3. Nc3 Nf6 4. e5 {Buchende}
Ne4 5. Nxe4 {Buchbewertung Mephisto Lyon 68020: 0,00} dxe4 6. Ng5 Qd5
{Buchende} 7. Qh5? {das bringt gar nichts, danach steht Schwarz bereits
klar besser, Stockfish -1,00, nötig war De2 mit Ausgleich} g6?
{Buchbewertung Mephisto Atlanta: +0,3 / so aber nicht, gibt sofort den
ganzen Vorteil retour danach ist die Stellung wieder im Lot, der falsche
Bauer, nötig war h6} 8. Qe2 Bf5? {ein schlechter Zug, danach steht Weiss
bereits besser, Stockfish -0,50, warum nicht Dxe5 ? mit Ausgleich} 9. e6?
{auch nicht besser, nötig war g4, danach ist Schwarz wieder leicht im
Vorteil, Stockfish -0,30} fxe6? {beide Geräte haben Probleme mit dieser
Stellung, es geht hin und her, der Vorteil wechselt sofort wieder auf die
Seite von Weiss, Stockfish -0,60, nötig war f6} 10. c4! Qa5? {ein völlig
absurder Zug, der die Partie praktisch schon verliert, danach verliert
Schwarz bereits eine Figur, obwohl es Stockfish 16 man muss sagen mit nur
+1,30 für Weiss bewertet, Atlanta übersieht völlig den nächsten Zug von
Weiss und erwartet hier Sxe4 ??, den Gefallen macht ihm aber Lyon 68020
nicht} 11. g4! {na klar was sonst, gewinnt bereits eine Figur} Na6? {hier
liegt ein klarer Programmfehler von Atlanta vor, anders kann man das nicht
mehr nennen, es ist unfassbar aber er sieht sich hier mit +0,4 ??? im
Vorteil, obwohl er den Figurenverlust sieht, einfach unbegreiflich, der
Textzug ist ausserdem nochmals weit schlechter als Sd7, Stockfish -2,00}
12. gxf5 {Lyon 68020 sieht es weit realistischer: +1,21} exf5 13. Qe3? {ein
schlechter Zug, der den Vorteil von Weiss fast halbiert, Stockfish +1,10,
nötig war c5} e5 14. Ne6? {ganz schwach, danach ist Weiss nur noch knapp im
Vorteil mit ca. +0,40, nötig war a3} Be7! {richtig, Lyon 68020 hätte den
weit schlechteren Zug Sb4 erwartet, danach wäre Schwarz auf verlorenem
Posten gewesen mit ca. -1,70} 15. a3? {einfach zu spät, hier war Tg1 klar
zu bevorzugen, was Lyon 68020 im letzten Moment verwirft, nach dem Textzug
ist jeglicher Vorteil dahin, Stockfish 0,00} Kf7! {richtig} 16. Ng5+ Bxg5
17. Qxg5 Nb4 18. Rb1 Rad8 19. Rg1 Nc2+ 20. Kd1 Nd4 21. Qe3? {ein schlechter
Zug, danach ist Schwarz bereits im Vorteil, Stockfish -1,00, nötig war Tg3
mit Ausgleich} Nf3 22. Rh1? {das ist natürlich völliger Unsinn, was soll
das den Turm hier in die Ecke zu stellen, warum die offene G-Linie
verlassen ?, danach ist die Partie praktisch schon verloren, Stockfish
-1,70, nötig war natürlich Tg2} Nxd2! {richtig} 23. Bxd2??? {ein absoluter
Verlustzug, danach ist die Partie klar verloren, Stockfish -3,50, deutlich
besser ist Kc2 mit ca. -1,70} Rxd2+ 24. Qxd2 Rd8 25. Qxd8 Qxd8+ 26. Ke1?
{besser ist noch Kc2, Stockfish -4,50} Qh4 27. Kd1 Qxf2 28. Be2 f4 29. Rf1
Qxh2 {gegen diese Bauernfront ist kein Kraut mehr gewachsen, Stockfish
-6,00} 30. Rc1 f3 31. Rc2 Qg3 32. Kc1 Qf4+ 33. Kb1 g5 34. c5 g4 {die
Dampfwalze rückt näher, das Ende naht} 35. Bc4+ Kg6 36. Rc3 g3 37. Rg1 g2
38. Rcc1 Qh2 39. Kc2 f2 40. Rxg2+ Qxg2 {Rest geschenkt} 0-1
[/pgn]
[pgn]

[Event "Turnier 40 / 120"]
[Site "Wien"]
[Date "2023.08.04"]
[Round "35"]
[White "Mephisto Atlanta SH 7034 - 20 MHZ"]
[Black "Mephisto Lyon 68020 - 12 MHZ"]
[Result "1-0"]
[BlackElo "2172"]
[WhiteElo "2191"]

{Analyse ----> Stockfish 16} 1. e4 c6 2. Nc3 d5 3. d4 dxe4 4. Nxe4 Bf5 5.
Ng3 Bg6 6. Nf3 Nd7 7. Bd3 Bxd3 8. Qxd3 e6 {Buchende} 9. O-O Ngf6
{Buchbewertung Mephisto Lyon 68020: -0,24} 10. Re1 Be7 11. b3 {Buchende}
O-O 12. c4 {Buchbewertung Mephisto Atlanta: +0,1 / lt. Stockfish ist die
Stellung etwa gleich} Qc7 13. Bb2 Qf4 14. Rad1 Rad8 15. a3 a6? {ein
schwacher Zug, danach ist Weiss im Vorteil, Stockfish -1,00, deutlich
besser ist Tfe8} 16. Nf5? {das ist allerdings noch schlechter und kehrt die
Vorzeichen um, danach steht Schwarz besser, Stockfish -0,60, nötig war d5}
exf5! {richtig, ganz schlecht wäre der von Atlanta vorgeschlagene Zug Tfe8
gewesen} 17. Rxe7 Qd6? {es ist eine schwierige Stellung für beide Geräte,
wo sie nicht die idealen Züge finden können, nach dem Textzug wechselt der
Vorteil wieder die Seiten, Stockfish -1,00, nötig war Se4} 18. Re2 Ne4 19.
Nh4 {auch nicht das Gelbe vom Ei, Stockfish +0,60, besser ist Dc2} g6 20.
Nf3 Ndf6 21. b4 Rfe8 22. Qc2 Nh5 23. Ree1 Ng7 {Sf4 war klar zu bevorzugen,
Stockfish -1,00} 24. Ne5 Qc7 25. Ng4? {das ist ganz schwach, danach ist
jeglicher Vorteil dahin, deutlich besser ist Db3, die Stellung ist im Lot}
Nh5? {schwach, nötig war gxg4, Stockfish -0,80} 26. Bc1? {nötig war Se3,
wieder alles im Lot, Stockfish 0,00} Ng7? {ein schlechter Zug, danach ist
Weiss wieder im Vorteil, Stockfish -1,00, nötig war fxg4 mit Ausgleich} 27.
f3 {besser ist Txe4, Stockfish +0,70} fxg4 28. fxe4 g3 29. h3 f6? {ein
schwacher Zug, danach steht Weiss bereits klar besser, Stockfish -1,50,
weit aktiver ist f5 mit ca. -1,00} 30. Bb2? {ein schlechter Zug, der eine
ganze Bauerneinheit einbüsst, Stockfish +0,50, deutlich besser ist Db3}
Qf4? {auch nicht gerade das Gelbe vom Ei, danach steht Weiss wieder klar
besser, Stockfish -1,30, nötig war f5, das wollte Lyon 68020 wahrscheinlich
nicht, da Weiss mit der Fortsetzung e5 einen gedeckten Freibauern hat,
irgendwie verständlich.} 31. Re2! Qh4?? {ein Verlustzug, danach ist die
Partie bereits klar verloren, Stockfish -2,80, nötig war Dd6} 32. d5! Nh5
33. d6! {Atlanta spielt stark in dieser Phase, bereits der 3. allerbeste
Zug in Folge, Stockfish +3,20} Rd7 34. c5! {wieder richtig, der 4.
allerbeste Zug !} Kf8? {deutlich mehr Widerstand leistet noch Sf4,
Stockfish -4,50} 35. e5! {Atlanta macht weiter so, der 5. optimale Zug in
Folge !!, Stockfish +5,50} Nf4 36. Re3 {hier reisst die Serie von Atlanta,
klar schwächer als Te4, aber nach so einer perfekten Serie sollte man ihm
das nicht verübeln, daher hier kein Fragezeichen von mir, obwohl der
Textzug ca. 1,5 Bauerneinheiten einbüsst, dennoch ist die Stellung klar
gewonnen für Weiss, Stockfish +4,00, deutlich stärker war aber Te4} Qg5 37.
Rde1 Re6 38. Rf3 {deutlich schwächer als Lc1, ändert aber nichts an der
klaren Gewinnstellung für Weiss, Stockfish +3,70} Rf7? {weit schwächer als
Sd5, Stockfish -5,30} 39. Qd1 fxe5 40. d7 Qd8 41. Bxe5 g5?? {hier ist es
schon egal, aber weit besser ist noch Dxd7 mit ca. -5,50, Stockfish -15,00}
42. Rxf4!! {einfach grossartig gespielt von Atlanta: Bewertung: +6,1 !!,
und wieder der bestmögliche Zug !!} gxf4 43. Bd6+ Kg8 {Stockfish Matt in
12} 44. Qg4+ Rg6 45. Re8+ Kg7 46. Rxd8 Rxg4 47. Rg8+ Kxg8 {Mephisto Lyon
68020: -13,3 ----> aufgegeben / eine grossaritge Partie von Mephisto
Atlanta, der hier seinen Gegner wie eine Dampfwalze überrollt !} 1-0
[/pgn]
[pgn]

[Event "Turnier 40 / 120"]
[Site "Wien"]
[Date "2023.08.06"]
[Round "36"]
[White "Mephisto Lyon 68020 - 12 MHZ"]
[Black "Mephisto Atlanta SH 7034 - 20 MHZ"]
[Result "1/2-1/2"]
[BlackElo "2191"]
[WhiteElo "2172"]

{Analyse ----> Stockfish 16} 1. e4 c6 2. d4 d5 3. Nd2 dxe4 4. Nxe4 Nf6 5.
Nxf6+ exf6 {Buchende} 6. Nf3 Bd6 {Buchbewertung Mephisto Atlanta: -0,1} 7.
Be2 {Buchende} O-O 8. O-O {Buchbewertung Mephisto Lyon 68020: +0,27 / lt.
Stockfish ist die Stellung etwa gleich} c5 9. Be3 cxd4 10. Qxd4 {ist jetzt
keine Katastrophe, aber warum dem Gegner gestatten eine Figur mit
Tempogewinn durch Angriff auf die Dame zu entwickeln ?, besser ist
natürlich Sxd4 mit leichtem Vorteil für Weiss, nach dem Textzug ist die
Stellung im Lot, allerdings ist auch Sxd4 nur um ca. 0,2 Bauerneinheiten
besser, also hier kein Fragezeichen} Nc6 11. Qh4 Bf5 12. Rfd1 Qc7 13. Rd2
Rfe8 14. Qc4 Be4 15. Rad1 Rad8 16. Kh1 a6 17. a4 Bxf3??? {ein Verlustzug,
Atlanta verwirft im letzten Moment den klar besseren Zug Te6, danach wäre
die Stellung im Lot, nach dem Textzug ist die Partie bereits verloren
Stockfish -1,50} 18. Bxf3 Bxh2?? {naja das geht eben gar nicht, danach ist
alles aus, Stockfish -2,40, deutlich besser ist noch Lf8 mit ca. -1,60,
danach muss Weiss natürlich nur noch g3 spielen und dann kann man sich
schon jeden weiteren Kommentar schenken} 19. Bxc6? {auch nach dieser
Fortsetzung steht Weiss klar besser mit ca. +1,20, verpasst aber den
sofortigen Gewinn und halbiert in etwa den Vorteil von Weiss, Lyon 68020
erkennt hier übrigens noch absolut keinen Vorteil und schätzt sich sogar
leicht negativ ein mit -0,21} Rxd2 {Mephisto Atlanta: -0,1} 20. Rxd2?
{völlig falsch, danach ist praktisch der gesamte Vorteil dahin, Stockfish
nur noch +0,20, nötig war Lxd2} bxc6 21. Qxa6 Be5??? {ein Verlustzug,
danach ist die Partie bereits klar verloren, Atlanta verwirft im letzten
Moment den Rettungsanker Lf4, danach wäre die Stellung im Lot gewesen,
Stockfish -2,00} 22. b3? {ein ganz schlechter Zug, der nahezu den gesamten
Vorteil verspielt, Stockfish +0,30, gewonnen hätte a5, danach verbietet
sich Lxb2 wegen Db6 und Schwarz kann aufgeben, hier kann Schwarz neuerlich
mit Lf4 kontern danach ist noch nichts verloren} Bf4! {jetzt passt es} 23.
Rd3 {etwas besser ist noch De2, nach dem Textzug ist die Partie bereits
Remis, Stockfish 0,00} g5 24. Kg1 Bxe3 25. Rxe3 Rxe3 26. fxe3 {bei
richtiger Behandlung ist die Partie klares Remis, allerdings bei diesem
Endspieltyp mit den Damen auf dem offenen Brett ist natürlich für die
Oldies extrem schwierig, da kann noch alles passieren} Kf8 27. Qc4 Qd6?
{bereits eine Ungenauigkeit, besser ist Da5, Stockfish -0,60} 28. Qd4
Ke7??? {ein Horrorzug, danach ist natürlich alles aus, einfach Damentausch
und den Rest braucht man nicht mehr zu erklären} 29. b4?? {ein ganz
schlechter Zug, obwohl auch dieser klar die Partie gewinnt, Stockfish
+3,50, aber nach dem Damentausch wäre natürlich alles sofort erledigt,
unnötig kompliziert} Qg3 {besser ist noch c5, Stockfish -4,50} 30. b5???
{ein Horrorzug, der den Sieg verschenkt, danach ist die Partie wieder
Remis, Stockfish 0,00, gewonnen hätte Kf1 mit ca. +4,50} cxb5 31. axb5 h5
{verpasst die Remischance, nach De1+, gefolgt von Kh2 und dann h5 wäre es
bereits Remis, aber schlecht ist der Textzug auch nicht danach ist Weiss
nur minimal im Vorteil mit ca. +0,20} 32. Kf1 h4 33. c4 {minimalen Vorteil
hätte noch b6 gebracht, nach dem Textzug ist die Partie wieder Remis,
Stockfish 0,00 mit der Fortsetzung g4} g4! 34. Qe4+ Kd6 35. Qd5+ Ke7 36.
Qc5+ Ke8 37. b6 h3 38. Qc6+ Ke7 39. Qe4+ Kd8 40. Qd5+ Ke7 41. gxh3 gxh3 42.
b7 h2 43. c5 Qg1+ 44. Ke2 Qg4+ 45. Kd2 Qb4+ 46. Kc2 Qa4+ 47. Kb2 Qb4+ 48.
Kc1 Qa3+ 49. Kc2 Qa4+ 50. Kc3 Qa3+ 51. Kc2 Qa4+ {Stellungswiederholung}
1/2-1/2
[/pgn]
[pgn]

[Event "Turnier 40 / 120"]
[Site "Wien"]
[Date "2023.08.06"]
[Round "37"]
[White "Mephisto Atlanta SH 7034 - 20 MHZ"]
[Black "Mephisto Lyon 68020 - 12 MHZ"]
[Result "1-0"]
[BlackElo "2172"]
[WhiteElo "2191"]

{Analyse ----> Stockfish 16} 1. d4 d5 2. Nf3 Nf6 3. Bf4 {Buchende} c6 4.
Nbd2 {Buchbewertung Mephisto Atlanta: 0,0} Qb6 5. Nb3 a5 {Buchende} 6. Rb1
{etwas besser ist der noch im Buch von Lyon 68020 gespeicherte Zug a4} a4
{Buchbewertung Mephisto Lyon 68020: -0,21 / lt. Stockfish steht Schwarz
eine Nuance besser mit ca. +0,20} 7. Nbd2 c5 8. dxc5 Qxc5 9. e3 Nc6 10. Bd3
Bg4 11. h3 Bh5 12. g4 Bg6 13. Ne5 e6 14. Nxg6 {weniger gut, danach steht
Schwarz etwas besser, Stockfish -0,60, besser ist Sdf3} hxg6 15. c3 Be7
{besser ist Ld6, Stockfish +0,30} 16. e4? {ein schlechter Zug, danach ist
Schwarz bereits klar im Vorteil, Stockfish -1,40, deutlich besser ist Kf1}
dxe4 {besser ist g5, Stockfish +1,00} 17. Nxe4 Nxe4 18. Bxe4 O-O? {ein
schlechter Zug, danach ist jeglicher Vorteil dahin, Stockfish 0,00, die
offene H-Linie mit dem Turm zu verlassen nimmt den ganzen Druck von Weiss,
nötig war f5} 19. Qe2 Rfd8 20. O-O Bd6 21. Qe3 Qc4 22. Bxd6 Rxd6 23. b3
axb3 24. axb3 Qb5 25. c4 Qb4 26. Ra1 Ra5 27. Rfd1 Ra3 28. Rdb1 Rd7 29. Kg2
Ra5 30. Rd1 Rxd1 {nicht ideal, danach steht Weiss besser, Stockfish -0,80,
besser ist Txa1 mit Ausgleich} 31. Rxd1 Ra3??? {ein absoluter Verlustzug,
danach ist die Partie sofort verloren, Stockfish -5,50, nötig war Ta8} 32.
Bxc6! {Mephisto Atlanta: +2,9 und das war es} Qxb3 33. Qxb3 Rxb3 34. Bb5 g5
35. Rd7 b6 36. Rb7 {Rest geschenkt} 1-0
[/pgn]
[pgn]